000 00613cam a2200205 4500500
005 20260329004851.0
041 _afre
042 _adc
100 1 0 _aMorel, François
_eauthor
245 0 0 _aConseil n° 9 : écrivez des lettres anonymes
260 _c2021.
500 _a32
690 _aFrançois Morel
690 _aHumour
690 _aInsulte
690 _aLettres
690 _aRéseaux sociaux
786 0 _nPhilosophie magazine | 150 | 6 | 2021-06-01 | p. 96-97 | 1951-1787
856 4 1 _uhttps://shs.cairn.info/magazine-philosophie-magazine-2021-6-page-96?lang=fr&redirect-ssocas=7080
999 _c1837989
_d1837989